Spicey circuits: elements of computer-aided circuit analysis
Guardat en:
| Autor principal: | |
|---|---|
| Format: | Llibre |
| Idioma: | anglès |
| Publicat: |
Boca Ratón
CRC
1992
|
| Matèries: | |
| Etiquetes: |
Afegir etiqueta
Sense etiquetes, Sigues el primer a etiquetar aquest registre!
|
MARC
| LEADER | 00000nam a2200000 a 4500 | ||
|---|---|---|---|
| 001 | UCY4959 | ||
| 003 | CL-VaPUC | ||
| 008 | 950407e19920000US |||||||||||||||||eng|d | ||
| 082 | 0 | 4 | |a 621.319 |b CHA |2 21 |
| 100 | 0 | |a Chattergy, Rahul |e author |9 333502 | |
| 245 | 1 | 0 | |a Spicey circuits: elements of computer-aided circuit analysis |
| 300 | |a 241 p | ||
| 942 | |c BK | ||
| 945 | |d 19950407 00:00:00 |a mfernand | ||
| 260 | |a Boca Ratón |b CRC |c 1992 | ||
| 650 | 0 | |a Circuitos eléctricos |9 260262 | |
| 650 | 0 | |a Análisis de circuitos |9 333503 | |
| 583 | |a last modification |c 19950407 00:00:00 |k Rodrigo Vera | ||
| 999 | |c 232705 |d 232703 | ||
| 952 | |0 0 |1 0 |4 0 |6 621_319000000000000_CHA_1992 |7 0 |8 A |9 237519 |a BIBING |b BIBING |d 2019-11-15 |i 3074315 |o 621.319 CHA 1992 |p 3074315 |r 2025-01-20 |w 2019-11-15 |y BK |k EIE | ||
| 952 | |0 0 |1 0 |4 0 |6 621_319000000000000_CHA_1992 |7 0 |8 A |9 237520 |a BIBING |b BIBING |d 2019-11-15 |i 3086801 |o 621.319 CHA 1992 |p 3086801 |r 2025-01-20 |w 2019-11-15 |y BK |k EIE | ||